00518cam a22001452 4500001001100000005001700011008004100028040001500069050001500084100003400099245011200133300002000245502005200265650005500317000000177720151217161556.0070327s xx 000 0 eng d aKABUcKABU 0aHD45b.Z851 aZulkieflimansyah.@000015079410aTechnological learning at the firm level :ba case study at PT Texmaco Parkasa Engineering (TPE) Indonesia. ax, 306, leaves. aThesis (DBA) - University of Strathclyde, 2001. 0aTechnological innovations.zIndonesia.@0000150795